Ideální kancelář buňky, nebo open plan?

Realitná a poradenská spoločnosť DTZ uskutočnila výskum pod názvom European workplace trends. Z výsledkov výskumu: v budúcnosti bude narastať velkosť spoločných pracovných priestorov známych ako open plan, určité percento zamestnancov bude aspoň 1 deň v týždni pracovať mimo kancelárie, open plan sú...

Descrizione completa

Salvato in:
Dettagli Bibliografici
Autore principale: Pohlodková, Lenka
Natura: Capitolo di libro
Lingua:ceco
Soggetti:
Tags: Aggiungi Tag
Nessun Tag, puoi essere il primo ad aggiungerne!!

MARC

LEADER 00000naa$a2200000$$$4500
001 0079032
005 20231018131221.2
041 0 |a cze 
044 |a CZ 
245 1 0 |a Ideální kancelář  |b buňky, nebo open plan?  |c Lenka Pohlodková 
520 |a Realitná a poradenská spoločnosť DTZ uskutočnila výskum pod názvom European workplace trends. Z výsledkov výskumu: v budúcnosti bude narastať velkosť spoločných pracovných priestorov známych ako open plan, určité percento zamestnancov bude aspoň 1 deň v týždni pracovať mimo kancelárie, open plan sú typické pre call centrá, IT spoločnosti a banky. Rozdiely medzi krajinami: v Nemecku je preferovaný "bunkový systém" kancelárií, open plan je obľúbený najmä vo Veľkej Británii. Rozdelenie pracovného priestoru vychádza z kultúrnej tradície a politiky zamestnávateľov. 
610 2 0 |a prostredie pracovné 
610 2 0 |a kancelárie 
610 2 0 |a firmy 
610 2 0 |a zamestnanci 
610 2 0 |a práca z domu 
610 2 0 |a podmienky pracovné 
610 2 0 |a výskum 
100 1 |a Pohlodková, Lenka